Kerma et archéologie nubienne : collection du Musée d'art et d'histoire, Genève : [publié à l'occasion du nouvel aménagement permanent de la salle des antiquités nubiennes /
Corporate Author:
Other Authors:
Format: Book
Language: French
Published:
Gollion : Genève :
In Folio ; Musée d'art et d'histoire,
2006.
Subjects:
Tags: Add Tag
Call Number: DT159.9 .K37 K475
| LEADER | 00998nam a22002297a 4500 | ||
|---|---|---|---|
| 003 | OSt | ||
| 005 | 20260420142823.0 | ||
| 008 | 260420t2006 sz ab c 000 0 fre d | ||
| 020 | |a 2884741283 | ||
| 040 | |c ARCE Library | ||
| 050 | 1 | 4 | |a DT159.9 .K37 |b K475 |
| 245 | 0 | 0 | |a Kerma et archéologie nubienne : |b collection du Musée d'art et d'histoire, Genève : [publié à l'occasion du nouvel aménagement permanent de la salle des antiquités nubiennes / |c conception scientifique et réalisation, Jean-Luc Chappaz]. |
| 264 | 1 | |a Gollion : |b In Folio ; |a Genève : |b Musée d'art et d'histoire, |c 2006. | |
| 300 | |a 59 pages : |b color illustrations, map ; |c 22 x 24 cm. | ||
| 610 | 1 | 0 | |a Geneva (Switzerland). |b Musée d'art et d'histoire |v Exhibitions. |
| 651 | 0 | |a Sudan |x Antiquities |v Exhibitions. | |
| 651 | 0 | |a Karmah (Sudan) |x Antiquities |v Exhibitions. | |
| 700 | 1 | |a Chappaz, Jean-Luc. | |
| 710 | 1 | |a Geneva (Switzerland). |b Musée d'art et d'histoire. | |
| 901 | |a reviewed | ||
| 942 | |c BK |2 lcc | ||
| 999 | |c 15007 |d 15007 | ||
